| 000 | 01174nam0a22002891 4500 | ||
|---|---|---|---|
| 001 | rc\3222792 | ||
| 005 | 20260407051215.0 | ||
| 021 |
_aRU _b71-75524 |
||
| 021 |
_aRU _bРг16076-72 |
||
| 035 | _a(NLR Aleph) 007365661 | ||
| 090 |
_a6354069 _c6354069 |
||
| 100 | _a20130115d1971 |||y0rusy50 ca | ||
| 101 | 0 | _arus | |
| 102 | _aRU | ||
| 105 | _ay z ||||| | ||
| 200 | 1 |
_aПроцесс "Мицуи Тоатсу" получения мочевины _e[Докл.] _fВторой межрегион. симпозиум по удобрениям. Киев, 21 сент. - 1 окт. 1971 г., Нью-Дели, 2-13 окт. 1971 г. Повестка дня, пункт Щ (1e) iv |
|
| 210 |
_aКиев _cБ. и. _d[1971] |
||
| 215 |
_a27 с. _d21 |
||
| 532 | 1 | 3 | _aПроцесс Мицуи Тоатсу получения мочевины |
| 700 | 1 |
_aЯкабе _bМ. |
|
| 701 | 1 |
_aСато _bТ. |
|
| 712 | 0 | 2 |
_aООН _bМежрегиональный симпозиум по удобрениям _eКиев/Нью-Дели _f1971 _9538796 _3RU\NLR\AUTH\8810020402 |
| 801 | 0 |
_aRU _bNLR _gpsbo |
|
| 801 | 1 |
_aRU _bELAR _2rusmarc |
|
| 852 |
_aNLR _j72-6/9046 |
||
| 942 | _cBOOK | ||
| 980 | _aNB | ||